000 00217nam a22000857a 4500
008 160629b xxu||||| |||| 00| 0 eng d
100 _91390
_aPunj, P., et al
245 _aLet's Learn Computer
260 _aN.D
_b Avichal
_c2005
999 _c1149
_d1149